World war I / (Record no. 94046)
[ view plain ]
| 000 -LEADER | |
|---|---|
| fixed length control field | 00710nam a22002417a 4500 |
| 003 - CONTROL NUMBER IDENTIFIER | |
| control field | OSt |
| 005 - DATE AND TIME OF LATEST TRANSACTION | |
| control field | 20260406110406.0 |
| 008 - FIXED-LENGTH DATA ELEMENTS--GENERAL INFORMATION | |
| fixed length control field | 260406b |||||||| |||| 00| 0 eng d |
| 020 ## - INTERNATIONAL STANDARD BOOK NUMBER | |
| International Standard Book Number | 9780716638087 |
| 040 ## - CATALOGING SOURCE | |
| Transcribing agency | HS LRC |
| 050 ## - LIBRARY OF CONGRESS CALL NUMBER | |
| Classification number | D 767 |
| Item number | .F524wo 2018 |
| 100 ## - MAIN ENTRY--PERSONAL NAME | |
| Personal name | Firme, Tom |
| 9 (RLIN) | 131530 |
| 245 ## - TITLE STATEMENT | |
| Title | World war I / |
| Statement of responsibility, etc. | Tom Firme |
| 260 ## - PUBLICATION, DISTRIBUTION, ETC. (IMPRINT) | |
| Place of publication, distribution, etc. | Chicago, Illinois : |
| Name of publisher, distributor, etc. | World Book, |
| Date of publication, distribution, etc. | c2018. |
| 265 ## - SOURCE FOR ACQUISITION/SUBSCRIPTION ADDRESS [OBSOLETE] | |
| Source for acquisition/subscription address | Phoenix Educational Systems, Inc. |
| 300 ## - PHYSICAL DESCRIPTION | |
| Extent | 128 pages : |
| Other physical details | color illustrations ; |
| Dimensions | 24 cm. |
| 365 ## - TRADE PRICE | |
| Price amount | 2,250.00 |
| 440 ## - SERIES STATEMENT/ADDED ENTRY--TITLE | |
| Title | History Summarized |
| 9 (RLIN) | 131531 |
| 504 ## - BIBLIOGRAPHY, ETC. NOTE | |
| Bibliography, etc | Includes index. |
| 650 ## - SUBJECT ADDED ENTRY--TOPICAL TERM | |
| Topical term or geographic name as entry element | World war, 1939-1945 |
| General subdivision | Campaigns |
| Chronological subdivision | Pacific Area |
| 9 (RLIN) | 131536 |
| 650 ## - SUBJECT ADDED ENTRY--TOPICAL TERM | |
| Topical term or geographic name as entry element | World war, 1939-1945 |
| General subdivision | Campaigns |
| Chronological subdivision | Asia |
| 9 (RLIN) | 131537 |
| 942 ## - ADDED ENTRY ELEMENTS (KOHA) | |
| Source of classification or shelving scheme | Library of Congress Classification |
| Koha item type | Books |
| Withdrawn status | Lost status | Source of classification or shelving scheme | Damaged status | Not for loan | Collection code | Home library | Current library | Shelving location | Date acquired | Source of acquisition | Cost, normal purchase price | Inventory number | Total Checkouts | Full call number | Barcode | Date last seen | Copy number | Cost, replacement price | Price effective from | Koha item type |
|---|---|---|---|---|---|---|---|---|---|---|---|---|---|---|---|---|---|---|---|---|
| Library of Congress Classification | Circulation | DLSU-D HS Learning Resource Center | DLSU-D HS Learning Resource Center | Circulation | 06/24/2025 | HS LRC SY 2024-2025 | 2250.00 | CIR-002530 | D 767 .F524wo 2018 | 3HS00000002530 | 04/06/2026 | 002530 | 2250.00 | 04/06/2026 | Books |









